Environmental Policy: New Directions for the Twenty-First Century (Record no. 29698)

MARC details
000 -LEADER
fixed length control field 00536nam a2200193Ia 4500
020 ## - INTERNATIONAL STANDARD BOOK NUMBER
ISBN 978-1-5443-7801-5
050 ## - CALL MARK
Classification number GE 180 .E54/
100 ## - STATEMENT OF RESPONSIBILITY--MAIN AUTHOR NAME
Personal name Vig, Norman J; Kraft, Michael E; Rabe, Barry G.
245 #0 - TITLE STATEMENT
Title Environmental Policy: New Directions for the Twenty-First Century
250 ## - EDITION / VOLUME STATEMENT
Edition / Volume statement 11th ed.
260 ## - PUBLICATION, DISTRIBUTION, ETC. (IMPRINT)
Place of publication Los Angeles
260 ## - PUBLICATION, DISTRIBUTION, ETC. (IMPRINT)
Name of publisher Sage
260 ## - PUBLICATION, DISTRIBUTION, ETC. (IMPRINT)
Year of publication 2022
300 ## - PHYSICAL DESCRIPTION
Number of Pages 663 p
650 ## - SUBJECT ADDED ENTRY--TOPICAL TERM
Topical Term Environmental policy--United States.
942 ## - ADDED ENTRY ELEMENTS (KOHA)
Koha item type Books
Holdings
Withdrawn status Lost status Source of classification or shelving scheme Damaged status Not for loan Permanent Location Current Location Date acquired Accession Number Price effective from Koha item type
    Library of Congress Classification     NILE UNIVERSITY OF NIGERIA - MAIN LIBRARY NILE UNIVERSITY OF NIGERIA - MAIN LIBRARY 04/23/2025 0196820 04/23/2025 Books